| 000 | 00736 a2200181 4500 | ||
|---|---|---|---|
| 003 | Nust | ||
| 005 | 20170207153155.0 | ||
| 040 | _cNust | ||
| 082 | _a005.8 | ||
| 100 | _aAslam , Lieut Commander Muhammad ( MSIS-4) | ||
| 245 |
_aEnhancement of security framework for mobile agent based intrusion detection system _cLieut Commander Muhammad Aslam |
||
| 260 |
_bMCS (NUST) _cApril, 2009 _aRawalpindi |
||
| 300 | _aviii, 51,p.; | ||
| 505 | _aIntroduction (page-2) Mobile agent based intrusion detection systems (page-5)Security issue in existing mobile agent-based intrusion detection systems (page-190 Proposed architecture (page-29) Future work (page-47) | ||
| 538 | _a Almirah No.70 Shelf No.4 | ||
| 650 | _aPGThesis | ||
| 651 | _aMSIS-4 | ||
| 942 | _cTHS | ||
| 999 |
_c180744 _d180744 |
||